Making a Market Out of a Welfare State : Swedish Local Politicians' Perspectives on Elderly Care Marketisation.

Bibliographic Details
Main Author: Guo, Ming.
Format: eBook
Language:English
Published: Linköping : Linkopings Universitet, 2017.
Edition:1st ed.
Series:Linköping Studies in Arts and Sciences Series
Subjects:
Online Access:Click to View
LEADER 02729nam a22003853i 4500
001 EBC5116592
003 MiAaPQ
005 20240729202202.0
006 m o d |
007 cr cnu||||||||
008 240729s2017 xx o ||||0 eng d
020 |a 9789176854068  |q (electronic bk.) 
035 |a (MiAaPQ)EBC5116592 
035 |a (Au-PeEL)EBL5116592 
035 |a (CaPaEBR)ebr11464580 
035 |a (OCoLC)1011166083 
040 |a MiAaPQ  |b eng  |e rda  |e pn  |c MiAaPQ  |d MiAaPQ 
100 1 |a Guo, Ming. 
245 1 0 |a Making a Market Out of a Welfare State :  |b Swedish Local Politicians' Perspectives on Elderly Care Marketisation. 
250 |a 1st ed. 
264 1 |a Linköping :  |b Linkopings Universitet,  |c 2017. 
264 4 |c {copy}2017. 
300 |a 1 online resource (277 pages) 
336 |a text  |b txt  |2 rdacontent 
337 |a computer  |b c  |2 rdamedia 
338 |a online resource  |b cr  |2 rdacarrier 
490 1 |a Linköping Studies in Arts and Sciences Series ;  |v v.731 
505 0 |a Intro -- Contents -- Acknowledgements -- List of illustrations -- Part I: Introduction and Points of Departure -- Chapter 1 Introduction -- Chapter 2 Background: The Marketisation of Swedish Elderly Care -- Chapter 3 Theoretical Framework -- Chapter 4 Research Methods -- Part II. Results Analysis and Discussion -- Chapter 5 Production and Outsourcing Preferences -- Chapter 6 Profits and Ownership -- Chapter 7 Quality, Efficiency, and Freedom of Choice -- Chapter 8 Financing, Regulation, and Beyond -- Chapter 9 Partisan Preferences and Political Ideology -- Part III. Conclusion -- Chapter 10 Conclusion and Final Remarks -- References -- Appendix 1. Information letter to the survey respondents. -- Appendix 2. Survey questions in original. -- Appendix 3. Political parties' 2014 election manifestos regarding elderly care. -- Appendix 4. Development of the choice model in the Östergötland Region. -- Appendix 5. Within-party distributions of answers regarding an optimal distribution of various care providers. -- Appendix 6. Within-party distributions of answers to various questions discussed. 
588 |a Description based on publisher supplied metadata and other sources. 
590 |a Electronic reproduction. Ann Arbor, Michigan : ProQuest Ebook Central, 2024. Available via World Wide Web. Access may be limited to ProQuest Ebook Central affiliated libraries.  
655 4 |a Electronic books. 
776 0 8 |i Print version:  |a Guo, Ming  |t Making a Market Out of a Welfare State  |d Linköping : Linkopings Universitet,c2017 
797 2 |a ProQuest (Firm) 
830 0 |a Linköping Studies in Arts and Sciences Series 
856 4 0 |u https://ebookcentral.proquest.com/lib/matrademy/detail.action?docID=5116592  |z Click to View